000 00732cam a2200253 i 4500
999 _c68846
_d68843
003 PK-NaQUE
005 20250623131054.0
008 250623b ||||| |||| 00| 0 eng d
020 _a9780470504819 (hardback)
040 _cQUEST
082 0 0 _a621.4022WEL
100 1 _aWelty, James R.,
245 1 0 _aFundamentals of Momentum, Heat and Mass Transfer /
250 _a6th edition.
260 _aNew Jersey:
_bWiley,
_c2015
300 _ax, 658 pages :
_billustrations ;
650 0 _aFluid mechanics.
650 0 _aHeat--Transfer.
650 0 _aMass transfer.
700 _aRorrer, Gregory L.
700 _aFoster, David G.
856 _uhttp://10.10.170.122:8080/browse/book/27629
_yDownload eBook
942 _cBK
_2ddc